La sédation en fin de vie. Quel objectif pour quelle intentionnalité ? (notice n° 1615299)
[ vue normale ]
| 000 -LEADER | |
|---|---|
| fixed length control field | 01133cam a2200157 4500500 |
| 005 - DATE AND TIME OF LATEST TRANSACTION | |
| control field | 20260111073048.0 |
| 041 ## - LANGUAGE CODE | |
| Language code of text/sound track or separate title | fre |
| 042 ## - AUTHENTICATION CODE | |
| Authentication code | dc |
| 100 10 - MAIN ENTRY--PERSONAL NAME | |
| Personal name | Dell’Accio, Elisabeth |
| Relator term | author |
| 245 00 - TITLE STATEMENT | |
| Title | La sédation en fin de vie. Quel objectif pour quelle intentionnalité ? |
| 260 ## - PUBLICATION, DISTRIBUTION, ETC. | |
| Date of publication, distribution, etc. | 2016.<br/> |
| 500 ## - GENERAL NOTE | |
| General note | 94 |
| 520 ## - SUMMARY, ETC. | |
| Summary, etc. | Comment accompagner la personne en état végétatif quand persiste une incertitude quant au diagnostic d’état végétatif chronique et que la question d’une conscience résiduelle se pose ? Ce questionnement intervient pour tous les acteurs de soins et pour la famille de manière plus ou moins douloureuse. Or, les possibilités actuelles d’évaluation de la conscience par neuro-imagerie peuvent avoir des conséquences importantes sur les proches et les soignants, dans ce paradoxe de l’être-au-monde du patient en état végétatif à la fois présent et absent. |
| 786 0# - DATA SOURCE ENTRY | |
| Note | Jusqu’à la mort accompagner la vie | 124 | 1 | 2016-03-02 | p. 21-28 | 0768-6625 |
| 856 41 - ELECTRONIC LOCATION AND ACCESS | |
| Uniform Resource Identifier | <a href="https://shs.cairn.info/revue-jusqu-a-la-mort-accompagner-la-vie-2016-1-page-21?lang=fr&redirect-ssocas=7080">https://shs.cairn.info/revue-jusqu-a-la-mort-accompagner-la-vie-2016-1-page-21?lang=fr&redirect-ssocas=7080</a> |
Pas d'exemplaire disponible.




Réseaux sociaux